000 01003pam a2200325 i 4500
001 2217992
005 20260126141330.0
008 751216s1976 nyua b 001 0 eng
010 _a 75044421
020 _a0070590834
020 _a9780070590830
035 _a2217992
040 _aDLC
_cDLC
_dDLC
050 0 0 _aTS173
_b.S6
082 0 0 _a620.00452 SMI'I
100 1 _aSmith, Charles O.,
_d1920-
_9132906
245 1 0 _aIntroduction to reliability in design /
_cCharles O. Smith.
260 _aNew York :
_bMcGraw-Hill,
_cc1976.
300 _axiv, 269 p. :
_bill. ;
_c24 cm.
336 _atext
_btxt
_2rdacontent
337 _aunmediated
_bn
_2rdamedia
338 _avolume
_bnc
_2rdacarrier
500 _aIncludes index.
504 _aBibliography: p. [203]-207.
650 0 _aReliability (Engineering)
650 0 _aEngineering design.
906 _a7
_bcbc
_corignew
_d1
_eocip
_f19
_gy-gencatlg
942 _2ddc
_cBK
999 _c615928
_d615928